Southville International School and Colleges
Your cart is empty.
  • Cart
  • Lists
    Public lists Eva Luna New books Lux_list list_1
    Your lists Log in to create your own lists
  • Log in to your account
  • Your cookies
  • Search history
Southville International School and Colleges
  • Advanced search
  • Recent comments
  • Most popular
  • Libraries

Log in to your account

Log in with GOOGLE


If you do not have an external account, but do have a local account, you can still log in:

  1. Home
  2. MARC view: Clinical pharmacy and therapeutics /
Normal view MARC view ISBD view

Clinical pharmacy and therapeutics / (Record no. 278736)

[ view plain ]
MARC details
000 -LEADER
fixed length control field 01233cam a2200397 a 4500
001 - CONTROL NUMBER
control field 16681974
005 - DATE AND TIME OF LATEST TRANSACTION
control field 20150127102014.0
008 - FIXED-LENGTH DATA ELEMENTS--GENERAL INFORMATION
fixed length control field 110304s2012 stka b 001 0 eng
010 ## - LIBRARY OF CONGRESS CONTROL NUMBER
LC control number 2011009925
020 ## - INTERNATIONAL STANDARD BOOK NUMBER
International Standard Book Number 9780702042935 (pbk.)
020 ## - INTERNATIONAL STANDARD BOOK NUMBER
International Standard Book Number 9780702042942 (international)
020 ## - INTERNATIONAL STANDARD BOOK NUMBER
International Standard Book Number 9789814371247
035 ## - SYSTEM CONTROL NUMBER
System control number (DNLM)101555630
040 ## - CATALOGING SOURCE
Original cataloging agency DNLM/DLC
Transcribing agency DLC
Modifying agency DLC
042 ## - AUTHENTICATION CODE
Authentication code pcc
050 00 - LIBRARY OF CONGRESS CALL NUMBER
Classification number RM 262
Item number .C5 2012
060 10 - NATIONAL LIBRARY OF MEDICINE CALL NUMBER
Classification number WB 330
082 00 - DEWEY DECIMAL CLASSIFICATION NUMBER
Classification number 615.5/8
245 00 - TITLE STATEMENT
Title Clinical pharmacy and therapeutics /
Statement of responsibility, etc edited by Roger Walker and Cate Whittlesea.
250 ## - EDITION STATEMENT
Edition statement 5th ed.
260 ## - PUBLICATION, DISTRIBUTION, ETC. (IMPRINT)
Place of publication, distribution, etc Edinburgh :
Name of publisher, distributor, etc Churchill Livingston/Elsevier,
Date of publication, distribution, etc 2012.
300 ## - PHYSICAL DESCRIPTION
Extent xii, 983 pages :
Other physical details illustrations (some color) ;
Dimensions 28 cm.
504 ## - BIBLIOGRAPHY, ETC. NOTE
Bibliography, etc Includes bibliographical references and index.
521 ## - TARGET AUDIENCE NOTE
Target audience note Pharmacy
650 #0 - SUBJECT ADDED ENTRY--TOPICAL TERM
Topical term or geographic name as entry element Chemotherapy.
650 #0 - SUBJECT ADDED ENTRY--TOPICAL TERM
Topical term or geographic name as entry element Pharmacology.
650 #0 - SUBJECT ADDED ENTRY--TOPICAL TERM
Topical term or geographic name as entry element Therapeutics.
650 #0 - SUBJECT ADDED ENTRY--TOPICAL TERM
Topical term or geographic name as entry element Pharmacy.
650 12 - SUBJECT ADDED ENTRY--TOPICAL TERM
Topical term or geographic name as entry element Drug Therapy.
650 22 - SUBJECT ADDED ENTRY--TOPICAL TERM
Topical term or geographic name as entry element Pharmacology, Clinical.
700 1# - ADDED ENTRY--PERSONAL NAME
Personal name Walker, Roger,
Titles and other words associated with a name Ph. D.
700 1# - ADDED ENTRY--PERSONAL NAME
Personal name Whittlesea, Cate.
906 ## - LOCAL DATA ELEMENT F, LDF (RLIN)
a 7
b cbc
c orignew
d 1
e ecip
f 20
g y-gencatlg
942 ## - ADDED ENTRY ELEMENTS (KOHA)
Source of classification or shelving scheme Library of Congress Classification
Koha item type Books
Holdings
Withdrawn status Lost status Source of classification or shelving scheme Damaged status Home library Current library Shelving location Date acquired Source of acquisition Total Checkouts Total Renewals Full call number Barcode Date last seen Date checked out Price effective from Koha item type
    Library of Congress Classification   South SEED-LPDH College Library South SEED-LPDH College Library South SEED-LPDH College Section 01/27/2015 Library Fund 7 26 RM 262 .C5 2012 SSLC1414 02/07/2019 02/02/2019 01/27/2015 Books

Clinical pharmacy and therapeutics /

APA

Walker R., Whittlesea C., . (2012). Clinical pharmacy and therapeutics. Edinburgh: Churchill Livingston/Elsevier.

Chicago

Walker Roger, Whittlesea Cate, . 2012. Clinical pharmacy and therapeutics. Edinburgh: Churchill Livingston/Elsevier.

Harvard

Walker R., Whittlesea C., . (2012). Clinical pharmacy and therapeutics. Edinburgh: Churchill Livingston/Elsevier.

MLA

Walker Roger, Whittlesea Cate, . Clinical pharmacy and therapeutics. Edinburgh: Churchill Livingston/Elsevier. 2012.

  • Place hold
  • Print
  • Cite
  • Add to your cart (remove)
  • Save record
    BIBTEX Dublin Core MARCXML MARC (non-Unicode/MARC-8) MARC (Unicode/UTF-8) MARC (Unicode/UTF-8, Standard) MODS (XML) RIS
  • More searches
    Search for this title in:
    Other Libraries (WorldCat) Other Databases (Google Scholar) Online Stores (Bookfinder.com) Open Library (openlibrary.org)

Exporting to Dublin Core...

SOUTHVILLE LIBRARY

Southville International School and Colleges Library

1281 Tropical Ave. Cor. Luxembourg St., BF Homes International, Las Pinas City

Tel. No. 8256374 / 252358 Loc. 117/146

Powered by Koha